| 000 | 00609nam a2200205 a 4500 | ||
|---|---|---|---|
| 005 | 20140310183433.0 | ||
| 008 | 080111s19uu xx 00 eng d | ||
| 020 | _a9780324306071 | ||
| 050 |
_aHD 69.S6 _b.B199 2006 |
||
| 100 | _aBamford, Charles E. | ||
| 245 |
_aSmall business management : _ba framework for success. / _cCharles E. Bamford |
||
| 260 |
_aAustralia : _bThomson South-Western, _c2006. |
||
| 300 |
_a333 p. : _bill. col. ; _c25 cm. |
||
| 521 | _aBSBA | ||
| 650 |
_aSmall business _xManagement. |
||
| 700 | _aBruton, Garry D. | ||
| 942 |
_cBK _2lcc _kFOR |
||
| 999 |
_c22779 _d22779 |
||